00346nam a2200121Ia 450000500170000000800410001708200130005810000210007124500390009226000390013130000130017065000410018320250405112222.0240331s9999 xx 000 0 und d bSUBa894 aSubramaniam, A.V 0aBharathi kanda kavithaith thalaivi aChennaibVanathi Pathippagamc1982 a232 p ., aBharathi Kanda puthumai pen Kavithai